000 00693nam a2200217 i 4500
001 8472
003 ES-MaACL
005 20250901225234.0
007 t|
008 920622s1992 sp |||| | spa d
020 _a84-7811-965-5
080 _a382(46)(09)
100 1 _aCarrizo Sainero, Gloria.
_935818
245 1 3 _aLa promoción comercial en España hasta 1936 /
_cGloria Carrizo Sainero.
260 _aMadrid :
_bInstituto Español de Comercio Exterior,
_c[1992]
300 _a91 p. :
_bil, ;
_c30 cm.
651 4 _aEspaña-
_xComercio exterior-
_vHistoria.
_9166380
710 2 _aInstituto Español de Comercio Exterior
_95037
852 _aES-MaACL
_jL-15861
999 _c8472
_d8472